[Event "XC URU-ch Final 2019"]
[Site "Montevideo"]
[Date "2019.03.19"]
[Round "4.4"]
[White "Michailov, Matias"]
[Black "Coppola, Claudio"]
[Result "1/2-1/2"]
[WhiteElo "2205"]
[BlackElo "2225"]
[Annotator "TA"]
[PlyCount "81"]
[EventDate "2019.03.16"]
[EventType "tourn"]
[EventCountry "URU"]
[SourceTitle "playchess.com"]
[Source "ChessBase"]
[SourceQuality "1"]

{[%evp 18,81,27,23,24,38,32,29,49,22,22,6,36,24,51,27,72,53,74,57,64,48,55,56,43,50,80,36,72,43,55,50,52,55,115,110,124,90,136,89,110,102,101,108,115,0,240,293,279,238,389,390,370,349,334,314,591,361,509,194,202,0,500,0,187,0]} 1. e4 e5 2. Nf3 Nf6 3. Nxe5 d6 4. Nf3 Nxe4 5. d4 d5 6. Bd3 Nc6 7. O-O Be7 8. c3 Bg4 9. Nbd2 Nxd2 10. Bxd2 O-O {C42: Petroff Defence: 3 Nxe5 and unusual White 3rd moves} 11. h3 Bh5 12. Re1 (12. g3 Qd7 13. Kg2 Rfe8 14. Qc2 Bg6 15. Bxg6 hxg6 16. Rfe1 b6 17. Bf4 Bd6 18. Bxd6 Qxd6 19. Re2 Re7 20. Rxe7 Nxe7 21. Re1 f6 22. h4 Qd7 23. Ng1 {½-½ (23) Bacrot,E (2715)-Bu,X (2710) Tbilisi 2017}) 12... Bd6 {White has an edge.} 13. b4 a6 $146 ({Predecessor:} 13... h6 14. Bb1 Ne7 15. a4 c6 16. Qc2 Bg6 17. Qb3 Re8 18. b5 {½-½ (28) Keuter,K (2421)-Murden,C (2436) ICCF email 2016}) 14. a4 Bg6 15. Bf1 Qd7 16. a5 Rae8 17. b5 Nb8 18. bxa6 Nxa6 19. Qb3 {Threatens to win with Rxe8.} c6 20. c4 dxc4 21. Bxc4 Nc7 22. Rxe8 (22. Qxb7 $2 Rb8 $19) 22... Nxe8 23. Bc3 Nf6 24. Ne5 Bxe5 25. dxe5 Ne4 (25... Nd5 $14) 26. Rd1 $1 $36 {[%cal Rd1d7][%mdl 2048] Keeping Black busy.} Qc7 27. Bd4 h6 28. Qb6 Qd7 29. Bb3 {Strongly threatening e6!} Re8 30. Be3 Qe7 31. h4 (31. a6 $16 bxa6 32. Qxc6) 31... Qxh4 $2 (31... Qxe5 $11 {and Black has nothing to worry.} 32. Bd4 Qh5) 32. Qxb7 $18 Kh7 33. e6 fxe6 $2 (33... Nc3 {was worth a try.}) 34. Rd7 Qf6 35. a6 {[%cal Ba5a6,Ba6a7][%mdl 32]} Nc3 36. Bc4 {Hoping for Bd4.} Nb5 $2 (36... Nd5 {was necessary.}) 37. a7 Qa1+ (37... Nxa7 $142 38. Qxa7 e5) 38. Kh2 $2 (38. Bf1) 38... Qe5+ 39. Kg1 $2 (39. g3 {Black must now prevent Bxb5.} Nd6 40. Rxd6 $1 {[%mdl 576] Promotion} (40. Qxc6 $2 Be4 $19)) 39... Qa1+ {[#]} 40. Kh2 $2 (40. Bf1 $1) 40... Qe5+ 41. Kg1 $2 {Accuracy: White = 48%, Black = 36%.} (41. g3 $18 Nd6 {[#]} 42. Rxd6 $1 {[%mdl 576] Promotion} (42. Qxc6 $2 Be4 $19)) 1/2-1/2

[Event "XC URU-ch Final 2019"]
[Site "Montevideo"]
[Date "2019.03.19"]
[Round "4.5"]
[White "Sosa Macho, Juan Manuel"]
[Black "Lopez Azambuja, Nicolas"]
[Result "0-1"]
[WhiteElo "2072"]
[BlackElo "2335"]
[Annotator "TA"]
[PlyCount "94"]
[EventDate "2019.03.16"]
[EventType "tourn"]
[EventCountry "URU"]
[SourceTitle "playchess.com"]
[Source "ChessBase"]
[SourceQuality "1"]

{[%evp 18,94,0,0,1,0,17,-8,0,-24,0,-7,0,-7,7,-5,-8,-38,-45,-88,-70,-133,-117,-112,-96,-127,-134,-129,-108,-168,-148,-176,-97,-82,-93,-100,-72,-186,-159,-257,-208,-328,-331,-333,-322,-343,-320,-548,-570,-566,-568,-523,-524,-704,-695,-685,-562,-772,-752,-942,-905,-1366,-1367,-5247,-5243,-5239,-5235,-3523,-2813,-29976,-29974,-29987,-29988,-29987,-29983,-29982,-29983,-29982,-29983]} 1. d4 Nf6 2. c4 e6 3. Nf3 d5 4. Nc3 dxc4 5. e4 b5 (5... Bb4 6. Bxc4 Nxe4 7. O-O Nf6 8. Qa4+ Nc6 9. Ne5 Rb8 10. d5 exd5 11. Nxd5 Nxd5 12. Nxc6 bxc6 13. Qxc6+ Qd7 14. Qxd5 {½-½ (31) Mamedyarov,S (2817)-Caruana,F (2832) Germany 2019}) 6. e5 {D24: Queen's Gambit Accepted: 3 Nf3 Nf6 4 Nc3} Nd5 7. Nxb5 Nb6 8. g3 Be7 9. Bg2 Bb7 10. O-O {LiveBook: 5 Games} Nc6 11. Be3 $146 ({Predecessor:} 11. Ne1 O-O 12. Qg4 Kh8 13. Nf3 Nb4 14. Be3 Nc2 15. Rad1 Nxe3 {½-½ (15) Grinev,V (2414)-Pavlov,S (2480) Omelnyk 2018}) 11... O-O 12. h4 Nb4 13. Nc3 N4d5 14. Bg5 Nxc3 15. bxc3 Rb8 16. Qc2 h6 17. Bd2 Qd7 18. h5 Qa4 19. Qc1 ({Better is} 19. Qxa4 $15 Nxa4 20. Rfb1) 19... Ba3 20. Qe1 Qc2 21. Nh2 Bxg2 22. Kxg2 Nd5 23. Bc1 (23. Ng4 $17 {was called for.}) 23... Be7 24. Ng4 Qxc3 (24... Nxc3 $19 25. Nxh6+ gxh6 26. Bxh6 Ne2 27. Bxf8 Bxf8) 25. Qxc3 $17 Nxc3 26. Ne3 Rfd8 27. Nc2 (27. Nxc4 $17 Rxd4 28. Na5) 27... Nd5 $36 {[%mdl 2048] Keeping White busy.} 28. f4 (28. Ba3 $17 {was necessary.}) 28... Bb4 {Hoping for ...Bc3.} 29. a3 (29. Rb1 $142) 29... Bc3 $19 30. Ra2 Rb1 31. g4 Rdb8 32. g5 $2 (32. Nb4) 32... Bb2 33. Bd2 Rxf1 34. Kxf1 c3 35. Be1 Nxf4 36. gxh6 gxh6 37. a4 a5 38. Bf2 Nd5 39. Be3 Nb4 40. Nxb4 axb4 {[%mdl 4096] Endgame KRB-KRB} 41. a5 b3 42. Ra4 c2 43. a6 {[#]} Bxd4 $1 {[%mdl 512] Black mates.} 44. Rxd4 b2 45. a7 b1=Q+ 46. Kf2 Ra8 47. Rc4 {[#]} Rxa7 $1 {Precision: White = 27%, Black = 66%.} 0-1

[Event "XC URU-ch Final 2019"]
[Site "Montevideo"]
[Date "2019.03.20"]
[Round "5.1"]
[White "Hoffman, Alejandro"]
[Black "Muniz, Rafael"]
[Result "1-0"]
[WhiteElo "2454"]
[BlackElo "2272"]
[Annotator "TA"]
[PlyCount "133"]
[EventDate "2019.03.16"]
[EventType "tourn"]
[EventCountry "URU"]
[SourceTitle "playchess.com"]
[Source "ChessBase"]
[SourceQuality "1"]

{[%evp 16,133,6,6,8,0,10,15,18,10,23,21,29,16,29,41,47,52,60,61,49,41,45,36,46,44,42,50,90,83,85,29,36,43,27,40,37,8,20,0,35,0,22,13,61,36,28,32,27,29,53,38,97,94,88,59,64,52,53,54,55,64,69,58,92,54,105,88,97,-10,-6,-10,39,17,33,33,345,347,320,356,344,328,589,595,586,568,568,556,430,31,31,0,31,0,31,31,32,32,44,44,44,44,58,39,40,0,87,120,29982,29983,29983,29984,29984,29985,29985,29986,29986,29987,29986,29987]} 1. d4 Nf6 2. c4 e6 3. Nc3 Bb4 4. e3 O-O 5. Nge2 d5 6. a3 Bd6 7. Ng3 c5 8. dxc5 Bxc5 9. b4 Be7 {E46: Nimzo-Indian: Rubinstein: 4 e3 0-0 5 Ne2 without early Bd3} 10. cxd5 (10. Bb2 a6 11. cxd5 exd5 12. Bd3 Nc6 13. Nce2 Bd6 14. O-O Be6 15. f4 Bc7 16. Bc2 Bg4 17. Qd3 Bxe2 18. Nxe2 {½-½ (52) Svidler,P (2746)-Bologan,V (2672) Tromsoe 2013}) 10... exd5 11. Bd3 Nc6 {The position is equal.} 12. Nce2 a5 13. b5 Ne5 14. O-O Bd6 15. Bb2 Re8 $146 ({Predecessor:} 15... Bg4 16. h3 Be6 17. Nf5 Bxf5 18. Bxf5 Nc4 19. Bxf6 Qxf6 20. Qxd5 Nxa3 {½-½ (20) Plischki,S (2384)-Zpevak,P (2349) Stare Mesto 2016}) 16. Nf4 Be6 17. a4 Rc8 18. Bd4 Nxd3 19. Qxd3 Ng4 20. h3 Ne5 $1 {[%cal Re5d3]} 21. Qd1 Ng6 22. Nfh5 Bf8 23. f4 (23. Rc1 $16) 23... f5 $11 24. Qd3 Qd7 25. Qd2 Bb4 26. Qb2 {[%cal Rh5g7]} Bf8 $1 27. Qd2 Bb4 28. Qd3 Bf8 $1 29. Ne2 Nh8 30. Rf3 Bf7 31. Nhg3 Be6 32. Bc3 Rc4 33. Nd4 Rec8 (33... Nf7 $14) 34. Bxa5 $16 g6 35. Bd2 (35. Nxe6 $6 Qxe6 36. Be1 Nf7 $11) 35... Nf7 36. Nge2 Nd6 37. Rff1 Ne4 38. a5 Bf7 39. Rfd1 Bg7 40. Be1 Qe7 (40... Qe8 $14) 41. Qa3 Qe8 42. Bb4 {[#]} ({White should try} 42. a6 $16) 42... Nc3 $1 $11 {[%mdl 576] Decoy} 43. Bxc3 Qxe3+ {[%mdl 64] Double Attack} 44. Kh1 Rxc3 45. Qd6 $1 $36 {[%mdl 2048] White has some pressure.} ({Reject} 45. Nxc3 Rxc3 46. Qb4 Rc4 $17) 45... Qe4 $2 {[%mdl 8192]} ({Better is} 45... R3c7 $14) 46. Nxc3 $18 Rxc3 47. Qb8+ $1 Be8 {[#] ( -> ...Rxh3+)} 48. Kh2 $1 ({Worse is} 48. Nf3 Rxf3 49. gxf3 Qxf3+ 50. Kh2 Qe2+ 51. Kh1 Bxa1 $11) 48... Bxd4 $2 {[#]} (48... Re3) 49. Rxd4 $1 {[%mdl 512]} Qxd4 50. Qxe8+ {[%mdl 4096] Endgame KQR-KQR} Kg7 51. Qe7+ Kg8 {[#]} 52. Rf1 $2 (52. Qd6 $1 $18) 52... Rc1 $1 $14 53. Qe8+ Kg7 54. Qe7+ Kg8 55. Qe2 {And now Qe8+ would win.} Rxf1 56. Qxf1 {Hoping for Qc1. KQ-KQ} Qa4 57. a6 bxa6 58. bxa6 {[%cal Bb5a6,Ba6a7][%mdl 32]} Kg7 59. h4 d4 60. Qe2 Kf7 (60... Qa3 $11) 61. h5 $16 Qd7 $2 {[%mdl 8192]} (61... d3 $16 62. Qxd3 Qxf4+ 63. g3 Qf2+ 64. Kh3 Qg1) 62. Qa2+ {White mates.} Kg7 63. a7 Qd8 64. Qa1 ({Not} 64. a8=Q Qh4+ 65. Kg1 Qe1+ 66. Kh2 Qh4+ 67. Kg1 Qe1+ 68. Kh2 Qh4+ $11 {[%mdl 64] Double Attack}) 64... Qa8 65. Qxd4+ Kh6 66. hxg6 hxg6 67. Qb6 {Accuracy: White = 69%, Black = 50%.} 1-0

[Event "XC URU-ch Final 2019"]
[Site "Montevideo"]
[Date "2019.03.20"]
[Round "5.2"]
[White "Lopez Azambuja, Nicolas"]
[Black "Michailov, Matias"]
[Result "1-0"]
[WhiteElo "2335"]
[BlackElo "2205"]
[Annotator "TA"]
[PlyCount "97"]
[EventDate "2019.03.16"]
[EventType "tourn"]
[EventCountry "URU"]
[SourceTitle "playchess.com"]
[Source "ChessBase"]
[SourceQuality "1"]

{[%evp 16,97,17,27,22,26,41,33,35,41,20,0,0,9,10,0,0,0,0,0,45,49,62,87,145,60,59,79,75,68,61,0,198,198,198,198,218,237,328,277,559,576,582,449,441,443,443,432,422,424,497,497,472,472,457,454,646,646,629,629,596,531,613,464,531,531,531,531,518,492,638,556,644,626,675,658,614,600,594,581,787,749,743,721]} 1. d4 Nf6 2. c4 g6 3. Nc3 Bg7 4. e4 d6 5. Nf3 O-O 6. Be2 e5 7. d5 a5 8. Bg5 h6 9. Be3 Ng4 {E92: King's Indian: Classical: 6 Be2 e5: 7 dxe5, 7 Be3 and Petrosian System without 7...Nbd7} 10. Bd2 f5 11. h3 Nf6 {White is slightly better.} 12. exf5 gxf5 13. Qc1 (13. g3 Na6 14. Qc1 Kh7 15. Nh4 Nc5 16. Be3 Nfe4 17. Nxe4 Nxe4 {½-½ (42) Korobov,A (2678)-Kovalev,V (2650) Poikovsky 2018}) 13... f4 14. g3 $36 {[%mdl 2048] White fights for an advantage.} e4 15. Nh4 {[#]} e3 $1 {[%cal Re3d2][%mdl 512]} 16. fxe3 fxg3 {White must now prevent ...Ne4!} 17. Ng6 g2 $146 18. Rg1 Bxh3 19. Qc2 (19. Nxf8 Qxf8 20. Qc2 (20. Bf3 Ng4 $19) 20... Ng4 $11) 19... Na6 ({Black should try} 19... Ng4) 20. O-O-O (20. Nxf8 $16 Kxf8 21. Qg6) 20... Nb4 $14 21. Qb1 $1 Qd7 22. Nxf8 Rxf8 23. Qg6 (23. a3 $1 $14) 23... Re8 $2 {[#]} (23... Rf7 $11 24. Rxg2 Nxa2+ 25. Nxa2 Bf5 26. Qxh6 Qa4) 24. a3 $1 $18 Na6 {[#]} 25. e4 $1 ({And not} 25. Bf3 Nc5 $17) 25... Nc5 {[%cal Rf6e4]} 26. Bxh6 {And now Bf3 would win.} Ncxe4 27. Rd3 Bf5 $2 (27... Qf7 28. Qxg7+ Qxg7 29. Bxg7 Nxc3 30. Rxc3 Kxg7 31. Rg3+ Kf7) 28. Qxg2 {[%cal Rh6g7] White is clearly winning.} Re7 29. Bxg7 Rxg7 30. Qxg7+ Qxg7 31. Rxg7+ Kxg7 32. Nb5 Nc5 33. Rg3+ Kf7 34. Nxc7 a4 35. Nb5 Nfe4 (35... Nce4 $142 36. Re3 Bd7 37. Bh5+ Kf8) 36. Rf3 Kg6 37. Bd3 Nxd3+ 38. Rxd3 {[%mdl 4096] Endgame KRN-KBN} Kf6 39. Nd4 Bd7 40. b4 axb3 41. Nxb3 Ke5 42. Kb2 b6 43. Rd1 Kf4 44. Re1 Ba4 45. Nd4 Ke5 46. Ne2 Nc5 {Threatens to win with ...Nd3+.} 47. Kc3 Ne4+ 48. Kb4 Nc5 49. Nc3+ {Accuracy: White = 67%, Black = 52%.} 1-0

[Event "XC URU-ch Final 2019"]
[Site "Montevideo"]
[Date "2019.03.20"]
[Round "5.3"]
[White "Curi, Gabriel"]
[Black "Roselli Mailhe, Bernardo"]
[Result "1/2-1/2"]
[WhiteElo "2192"]
[BlackElo "2445"]
[Annotator "TA"]
[PlyCount "104"]
[EventDate "2019.03.16"]
[EventType "tourn"]
[EventCountry "URU"]
[SourceTitle "playchess.com"]
[Source "ChessBase"]
[SourceQuality "1"]

{[%evp 26,104,17,17,17,7,9,4,11,8,8,0,0,0,0,0,0,0,0,0,4,-5,8,0,32,32,24,0,36,0,0,0,0,0,0,0,0,0,0,0,0,0,0,0,0,-47,0,-15,0,-20,-20,-20,-23,-20,-25,-25,-15,-20,0,0,0,0,0,0,0,0,0,0,0,0,0,0,0,0,0,0,0,0,0,0,0]} 1. e4 e5 2. Nf3 Nc6 3. Nc3 Nf6 4. d4 exd4 5. Nxd4 Bb4 6. Nxc6 bxc6 7. Bd3 d5 8. exd5 cxd5 9. O-O O-O 10. h3 {C47: Scotch Four Knights and Four Knights with 4 g3} (10. Qf3 c6 11. Bg5 Bd6 12. Rae1 Rb8 13. Nd1 h6 14. Bxf6 Qxf6 15. Qxf6 gxf6 16. b3 Kg7 17. Ne3 Re8 18. Nf5+ Bxf5 19. Bxf5 Re5 20. Bd3 Bb4 21. Re3 Rxe3 22. fxe3 {½-½ (35) Duda,J (2738)-Ding,L (2813) Wijk aan Zee 2019}) 10... c6 11. Qf3 Bd6 12. Bf4 Rb8 13. b3 Rb4 14. Bxd6 {LiveBook: 42 Games} Qxd6 15. a3 Rb7 $146 ({Predecessor:} 15... Rb8 16. Qg3 Qxg3 17. fxg3 Be6 {0-1 (52) Vivekananthan,A (2294)-Zhang,C (2225) Las Vegas 2018}) 16. Qg3 Qxg3 17. fxg3 Be6 18. Na4 Nd7 19. b4 g6 20. Rac1 Rc7 21. Rb1 Rb8 22. Kf2 d4 23. Rfc1 Kg7 24. g4 Kf6 25. c3 Ne5 26. Rd1 Rd8 (26... dxc3 {seems wilder.} 27. Nxc3 a5 28. bxa5 Rxb1 29. Bxb1 Ra7) 27. cxd4 Rxd4 28. Nc5 Nxd3+ 29. Rxd3 Rxd3 30. Nxd3 $11 {[%mdl 4096] Endgame KRB-KRN} Rd7 31. Ke3 Bc4 32. Nc5 Re7+ 33. Kd4 Bd5 34. Rb2 Re1 35. h4 h6 (35... Rh1 $5 {[%cal Rh1h4]} 36. g3 Rg1 37. g5+ Kf5 38. Rf2+ Kg4 $17) 36. Rf2+ Ke7 37. g3 Rd1+ 38. Nd3 Ra1 39. Nf4 Bh1 40. Re2+ Kd6 41. Re3 {The position is equal.} g5 42. hxg5 hxg5 43. Nh3 f6 44. Nf2 Bd5 45. Ne4+ Bxe4 $1 46. Kxe4 {KR-KR} Rf1 47. Rd3+ Ke6 48. Rc3 Re1+ 49. Kd4 Kd6 50. Rf3 Rd1+ 51. Ke4 Ke6 52. Rc3 Re1+ {Precision: White = 63%, Black = 70%.} 1/2-1/2

[Event "XC URU-ch Final 2019"]
[Site "Montevideo"]
[Date "2019.03.20"]
[Round "5.4"]
[White "Rodriguez Vila, Andres"]
[Black "Sosa Macho, Juan Manuel"]
[Result "1-0"]
[WhiteElo "2495"]
[BlackElo "2072"]
[Annotator "TA"]
[PlyCount "41"]
[EventDate "2019.03.16"]
[EventType "tourn"]
[EventCountry "URU"]
[SourceTitle "playchess.com"]
[Source "ChessBase"]
[SourceQuality "1"]

{[%evp 23,41,19,38,22,16,7,239,235,236,235,221,168,451,450,485,480,543,540,29995,29996]} 1. e4 e5 2. Nf3 Nf6 3. d4 Nxe4 4. Bd3 d5 5. Nxe5 Nd7 6. Nxd7 Bxd7 7. O-O Bd6 8. Nc3 Nxc3 9. bxc3 Qh4 10. g3 {C43: Petroff Defence: 3 d4} Qh3 11. Re1+ Be6 12. c4 dxc4 {LiveBook: 4 Games} 13. Bf1 Qf5 14. d5 {[%cal Bd4d5,Bd5e6][%mdl 32] [#]} O-O-O $146 (14... Bc5 $11 {and Black has nothing to worry.} 15. Bf4 (15. Be3 Bxe3 16. Rxe3 O-O-O $17) 15... O-O-O) ({Predecessor:} 14... Bc5 15. Bf4 O-O-O 16. dxe6 Rxd1 17. Raxd1 fxe6 {0-1 (40) Andreikin,D (2659)-Frolyanov,D (2557) Ulan Ude 2009}) 15. dxe6 $18 Be5 {[#]} 16. Rxe5 $1 Qxe5 17. Bd2 Rxd2 $2 (17... Qxe6 {was necessary.} 18. Qc1 Rhe8) 18. Qxd2 Qxe6 19. Re1 Qc6 20. Qd4 Rd8 21. Bh3+ 1-0

[Event "XC URU-ch Final 2019"]
[Site "Montevideo"]
[Date "2019.03.20"]
[Round "5.5"]
[White "Coppola, Claudio"]
[Black "Granara Barreto, Sebastian"]
[Result "1/2-1/2"]
[WhiteElo "2225"]
[BlackElo "2115"]
[Annotator "TA"]
[PlyCount "109"]
[EventDate "2019.03.16"]
[EventType "tourn"]
[EventCountry "URU"]
[SourceTitle "playchess.com"]
[Source "ChessBase"]
[SourceQuality "1"]

{[%evp 9,109,-14,5,5,11,14,18,21,22,22,18,17,18,17,35,32,35,35,54,47,49,56,48,34,31,31,33,31,36,35,46,31,70,59,68,70,81,93,76,83,83,66,68,53,53,53,61,18,19,21,47,13,43,20,27,11,8,6,12,-6,-6,-5,0,0,0,0,10,12,25,33,30,18,19,0,0,-24,0,-14,0,0,0,0,6,8,20,12,18,12,64,26,78,35,35,-71,-71,-73,-73,-70,-70,-70,-70,-70]} 1. b3 Nf6 2. Bb2 g6 3. Bxf6 exf6 4. c4 Bg7 5. Nc3 d6 (5... f5 6. Rc1 c5 7. g3 O-O 8. Bg2 Nc6 9. Nh3 g5 10. f4 h6 11. O-O d6 12. fxg5 hxg5 {1-0 (40) Rapport,R (2709)-Naiditsch,A (2711) Jurmala 2015}) 6. g3 {A01: Nimzowitsch-Larsen Opening} f5 7. Rc1 Nd7 8. Bg2 {The position is equal.} c6 9. e3 Nf6 10. Nge2 O-O 11. O-O Qe7 12. b4 $146 ({Predecessor:} 12. d4 Re8 {½-½ (79) Morais,V (1949)-Cunha,H (2016) Barreiro 2017}) 12... Be6 13. b5 Bxc4 14. bxc6 bxc6 15. d3 Be6 16. Nd4 Rac8 17. Nxc6 Qd7 18. Qa4 d5 19. Ne2 Rc7 20. Rc2 Rfc8 {[%cal Rc7c6]} 21. Rfc1 $1 Ne8 22. Qa6 Bb2 23. Rxb2 Rxc6 24. Rxc6 Rxc6 25. Qa5 Kg7 26. h3 Qc7 27. Qa4 Nf6 28. Nd4 Rc1+ 29. Kh2 Rc5 30. Nb3 Rc6 (30... Rc2 {feels hotter.} 31. Qd4 a5 32. Kg1 Rc3 33. Bf3 g5) 31. Qd4 (31. Qb4 {looks sharper.} Rc3 32. Rd2 Bc8 33. Bf3 Bd7 34. Kg2) 31... Qb6 32. Qxb6 (32. Bf3 {keeps more tension.} Qc7 33. Qb4 Rc3 34. Be2 h6 35. Kg2) 32... Rxb6 33. Rc2 Ra6 34. Nc5 Ra3 35. Kg1 Kf8 36. Kf1 Ke7 37. Ke1 Nd7 38. Nb3 Nb6 39. Kd2 Bd7 40. Nd4 Kd6 41. Ne2 Na4 42. Nf4 Nb6 43. Kc1 Ra5 44. d4 Ba4 45. Rc3 Bc6 46. Nd3 Be8 47. Kb1 Rb5+ 48. Ka1 Ra5 (48... Nc4 $11) 49. Rc5 Ra4 (49... Nc4 $11) 50. Nb2 Rb4 $1 51. Bf1 {[#]} (51. Rc2 $14 {stays ahead.}) 51... Rxb2 $1 $17 {[%mdl 576] Remove Defender, Decoy} 52. Kxb2 {Hoping for Kb3.} Na4+ {[%mdl 64] Double Attack} 53. Kb3 Nxc5+ 54. dxc5+ Kxc5 55. Kc3 $1 {Accuracy: White = 63%, Black = 48%.} 1/2-1/2

[Event "XC URU-ch Final 2019"]
[Site "Montevideo"]
[Date "2019.03.21"]
[Round "6.1"]
[White "Hoffman, Alejandro"]
[Black "Coppola, Claudio"]
[Result "1-0"]
[WhiteElo "2454"]
[BlackElo "2225"]
[Annotator "TA"]
[PlyCount "63"]
[EventDate "2019.03.16"]
[EventType "tourn"]
[EventCountry "URU"]
[SourceTitle "playchess.com"]
[Source "ChessBase"]
[SourceQuality "1"]

{[%evp 19,63,31,38,25,25,0,0,-14,39,18,54,45,45,29,31,11,29,17,68,8,83,3,0,16,62,66,65,57,172,145,245,245,249,260,332,312,529,490,1004,969,1562,1580,1557,1562,1511,1378]} 1. d4 Nf6 2. c4 c5 3. d5 e6 4. Nc3 exd5 5. cxd5 d6 6. e4 g6 7. f3 Bg7 8. Bg5 h6 9. Be3 O-O 10. Qd2 Re8 11. Rc1 {A65: Modern Benoni: 6 e4} a6 12. b3 b5 13. Bd3 {The position is equal.} Bb7 $146 (13... b4 $11 14. Nd1 Nbd7) ({Predecessor:} 13... h5 14. Nge2 Nbd7 15. O-O b4 16. Na4 Nb6 17. Nxb6 Qxb6 18. Kh1 a5 {1-0 (42) Sadler,M (2687)-Zhou,Y (2461) England 2018}) 14. Nge2 ({Much weaker is} 14. Bxh6 Nxe4 15. Nxe4 Qh4+ 16. g3 Qxh6 $17) 14... Nh7 15. O-O h5 16. Kh1 Nd7 17. Bb1 Ne5 18. h3 h4 ({Black should try} 18... b4 $11 19. Na4 a5) 19. f4 ({White should play} 19. a3 $14) 19... b4 (19... Nd7 $11) 20. Na4 (20. fxe5 $16 {Hoping for e6.} bxc3 21. Nxc3 Bxe5 22. Bd3) 20... Nd7 $11 21. e5 Qe7 22. Ng1 $36 {[%mdl 2048] Black is under pressure.} Rac8 23. Rfe1 Bh6 (23... dxe5 $14 24. d6 Qe6) 24. Nf3 $18 dxe5 (24... Nhf8 $16 25. Rc4 a5) 25. fxe5 Bxe3 26. Rxe3 Ng5 {next ...Nxf3 is good for Black.} 27. e6 ({Weaker is} 27. Nxh4 Nxe5 28. Rce1 Qf6 $18) 27... fxe6 $2 {[#]} (27... Nxf3 {was necessary.} 28. gxf3 Nf8) 28. Nxh4 {White is clearly winning.} Bxd5 (28... Qd6 $142 29. Bxg6 Rf8) 29. Rg3 Nf7 30. Nxg6 Qd6 31. Qf2 {[#] White wants to mate with Ne5+.} e5 32. Rf1 {Accuracy: White = 52%, Black = 29%.} 1-0

[Event "XC URU-ch Final 2019"]
[Site "Montevideo"]
[Date "2019.03.21"]
[Round "6.2"]
[White "Michailov, Matias"]
[Black "Rodriguez Vila, Andres"]
[Result "1-0"]
[WhiteElo "2205"]
[BlackElo "2495"]
[Annotator "TA"]
[PlyCount "107"]
[EventDate "2019.03.16"]
[EventType "tourn"]
[EventCountry "URU"]
[SourceTitle "playchess.com"]
[Source "ChessBase"]
[SourceQuality "1"]

{[%evp 12,107,28,21,56,43,48,49,46,40,67,17,51,35,47,31,34,25,40,43,89,89,93,93,90,68,70,74,72,64,61,0,116,104,148,156,156,159,139,155,198,211,302,291,333,355,337,349,371,368,396,399,436,442,433,434,416,391,388,385,382,315,315,315,315,315,311,310,289,289,271,240,310,281,425,374,374,376,29967,29968,5945,5945,29978,29979,29979,29980,29974,29973,29994,29995,29995,29996,29996,29997,29997,29996,29996,29997]} 1. d4 d6 2. e4 Nf6 3. Nc3 g6 4. Nf3 Bg7 5. h3 c6 6. a4 O-O 7. Be2 b6 {B08: Pirc Defence: Classical System} 8. O-O Na6 (8... Bb7 9. e5 Ne8 10. Bf4 Nd7 11. Re1 c5 12. exd6 Nxd6 13. dxc5 Nxc5 14. Be5 a5 15. Bxg7 Kxg7 {0-1 (51) Horvath,A (2498)-Aronian,L (2795) Germany 2017}) 9. e5 Ne8 {White is slightly better.} 10. Bf4 Nac7 $146 ({Predecessor:} 10... Nb4 11. Qd2 Bf5 12. Rac1 Nc7 13. exd6 exd6 14. g4 Bc8 15. Ne4 f5 {0-1 (48) Wirthensohn,H (2385)-Bologan,V (2530) Biel 1995}) 11. Re1 Bb7 12. Bc4 d5 13. Bf1 Ne6 14. Be3 c5 15. a5 {[%mdl 64] [#] Deflection} bxa5 16. dxc5 Rc8 17. Nb5 $36 {[%mdl 2048] White has strong initiative.} a6 18. Nbd4 {Strongly threatening Nxe6.} Nxc5 19. Qd2 a4 20. Qb4 {[%mdl 1024] White has strong compensation.} Qc7 21. Rac1 ({White should try} 21. c3 $14) 21... Ba8 (21... f6 $1 $11 22. Bf4 a5) 22. c4 Rb8 23. Qa3 {[#] cxd5 is the strong threat.} Nb3 24. Nxb3 Rxb3 25. Qxa4 Rxb2 26. cxd5 (26. Qxa6 Qb8 $16) 26... Qd8 (26... Qb8 {might work better.} 27. Bd4 Rb4) 27. Qa3 $18 ({Don't do} 27. Qxa6 $6 Bxd5 28. Red1 e6 $18) (27. Bxa6 Nc7 $16) 27... Rb7 28. Bxa6 Rc7 29. Bb6 Bxd5 30. Qa5 Bxf3 31. gxf3 ({Weaker is} 31. Bxc7 Nxc7 32. Qxc7 (32. gxf3 Nxa6 33. Qxa6 Qd2 $18) 32... Bd5 $18) 31... e6 {And now ...Qg5+ would win.} 32. Bxc7 Nxc7 33. Qxc7 Qg5+ 34. Kh1 Qh4 35. Bf1 Qxf2 36. Qc2 Qxf3+ 37. Qg2 Qa3 38. Rcd1 {[%cal Bc1d1,Bd1d3,Bd3a3][%mdl 32]} Rb8 39. Rd3 Qc5 40. Qg1 Qa5 41. Qe3 {aiming for Rd7.} Rb2 42. Bg2 h5 (42... Bh6 $142 43. Qe4 Rb4) 43. Ra3 Qb4 44. Rf1 Bxe5 $2 (44... Rb1 $18 45. Ra8+ Bf8 46. Rxb1 Qxb1+ 47. Kh2 Qb4) 45. Qxe5 Qxa3 46. Qf6 Kh7 47. Qxf7+ {White mates.} Kh6 48. Qf4+ Kh7 49. Qe5 Rb4 50. Rf7+ Kh6 51. Qh8+ Kg5 52. Qd8+ Kh6 53. Qd2+ g5 54. Rf6+ {[%mdl 64] Double Attack. Accuracy: White = 81%, Black = 32%.} 1-0

[Event "XC URU-ch Final 2019"]
[Site "Montevideo"]
[Date "2019.03.21"]
[Round "6.3"]
[White "Muniz, Rafael"]
[Black "Roselli Mailhe, Bernardo"]
[Result "1/2-1/2"]
[WhiteElo "2272"]
[BlackElo "2445"]
[Annotator "TA"]
[PlyCount "38"]
[EventDate "2019.03.16"]
[EventType "tourn"]
[EventCountry "URU"]
[SourceTitle "playchess.com"]
[Source "ChessBase"]
[SourceQuality "1"]

{[%evp 12,38,31,6,13,15,13,6,24,0,10,0,4,-5,0,0,0,-10,0,0,0,0,0,0,12,0,16,8,0]} 1. e4 e5 2. Bc4 Nf6 3. d3 c6 4. Nf3 d5 5. Bb3 Bb4+ 6. Bd2 Bxd2+ 7. Nbxd2 Nbd7 {C24: Bishop's Opening: 2...Nf6} (7... a5 8. a4 Bg4 9. h3 Bxf3 10. Qxf3 O-O 11. O-O dxe4 12. Nxe4 Nxe4 13. Qxe4 Nd7 14. Qe3 Re8 15. Rae1 Nf6 16. Re2 e4 {½-½ (16) Rapport,R (2731)-Ding,L (2813) Wijk aan Zee 2019}) 8. O-O O-O 9. Re1 Re8 {[%cal Bf8e8,Be8e6,Be6f6][%mdl 32]} 10. a3 Nc5 {The position is equal.} 11. Ba2 d4 12. Nf1 {[%cal Bd2f1,Bf1g3,Bg3e2][%mdl 32]} Be6 13. Bxe6 Rxe6 14. Ng3 g6 15. Qd2 Nfd7 $146 16. Ng5 Rf6 17. Rf1 Qc7 18. Ne2 Ne6 19. g3 Nxg5 {Accuracy: White = 59%, Black = 56%.} 1/2-1/2